000 00287nam a22001217a 4500
020 _a0-00-692901-X
082 _a030
_bJOH/A
100 _aJOHNSTONE, MICHAEL
245 _aTHE ALTERNATIVE DICTIONARY
260 _aLONDON
_bARMADA
_c1987
650 _aDICTIONARY
_zUNITED KINGDOM
942 _cBK
999 _c2115
_d2115